| 000 | 00385nam a22001217a 4500 | ||
|---|---|---|---|
| 082 |
_a333.8 _bALT _cD |
||
| 245 |
_aAlternative fuels for use in internal combustion engines _cWorld bank energy department |
||
| 260 |
_aWashington _bthe world bank _c1981 |
||
| 300 |
_averable pages. : _bill, ; _c24 cm. |
||
| 526 |
_a0 _b0 _c0 _d333_800000000000000_ALT |
||
| 650 |
_aD _96527 |
||
| 942 |
_2ddc _cBK |
||
| 999 |
_c541984 _d541984 |
||